Agroklimatická charakteristika roku ... v Nitre

Bibliographic Details
Previous Title:Agroklimatická charakteristika poľnohospodárskeho roku ...
Main Author: Špánik, František, 1933-
Format: Journal
Language:Slovak
PhysicalDescription:[7 zv.] sch., tab. 21 cm
Published: V Nitre Vysoká škola poľnohospodárska 1990-[1996]
ISBN:8071373133 (brož. : r. 1995)
8071373621 (brož. : r. 1996)
Subjects:

MARC

LEADER 00000cas a2200000 a 4500
001 vtls001279571
003 SK-MaSNL
005 20260228163700.0
008 160414d19901996xo ar|p r 0y 0 0slo
015 |a SNBA1997/0702108 (roč. V-1995)  |a SNBA1998/03-00883 (roč. VI-1996) 
020 |a 8071373133 (brož. : r. 1995) 
020 |a 8071373621 (brož. : r. 1996) 
035 |a SNK000230930 
040 |a SNK  |b slo  |c SNK  |e AACR2 
041 0 |a slo 
043 |a e-xo--- 
044 |a xo  |c SK 
072 7 |a 63  |x Poľnohospodárstvo a príbuzné oblasti vedy a techniky  |2 konspekt 
080 |a 63:551.58  |2 2011 
080 |a (094.9)  |2 2011 
080 |a 050  |2 2011 
080 |a (058)  |2 2011 
100 1 |a Špánik, František,  |d 1933-  |9 205517 
245 1 |a Agroklimatická charakteristika roku ... v Nitre  |c [zostavovateľ: František Špánik] 
260 |a V Nitre  |b Vysoká škola poľnohospodárska  |c 1990-[1996] 
300 |a [7 zv.]  |b sch., tab.  |c 21 cm 
362 0 |a Roč. 1 (1990)-[roč. 6 (1996)] 
500 |a Súčasťou názvu je označenie bežného roku 
504 |a Bibliogr. 
610 2 |a Vysoká škola poľnohospodárska v Nitre  |2 SNKKA  |9 165743 
650 0 7 |a agroklimatológia  |2 SNKPH  |9 114082 
655 7 |a zbierky  |2 SNKPH  |9 70533 
655 7 |a ročenky  |2 SNKPH  |9 57146 
752 |a Slovensko  |d Nitra 
780 0 0 |t Agroklimatická charakteristika poľnohospodárskeho roku ... 
910 |a snk 
919 |a 80-7137-313-3 
919 |a 80-7137-362-1 
999 |c 10253  |d 12183 
952 |0 0  |1 0  |4 0  |7 0  |a SNK  |b SNK  |d 1997-03-14  |i snk1217/970318  |l 0  |o snkC 652  |r 2005-01-02 00:00:00  |t P60, <09>, [BOOK], {629}  |w 2026-02-21  |y NEVYP 
952 |0 0  |1 0  |4 0  |7 0  |8 0  |a SNK  |b SNK  |d 1997-03-14  |i snkKSP 2836/97  |l 0  |o snkČSD 1874/5/1995  |p 17A0075588  |r 2005-01-02 00:00:00  |w 2026-02-21  |y PREZ 
952 |0 0  |1 0  |4 0  |7 0  |8 0  |a SNK  |b SNK  |d 1997-03-14  |i snkKSP 2837/97  |l 0  |o snkČSD 1874/5/1995 D1  |p 17A0055402  |r 2005-01-02 00:00:00  |w 2026-02-21  |y PREZ 
952 |0 0  |1 0  |4 0  |7 0  |a SNK  |b SNK  |d 1998-01-21  |i snkKSP 563/98  |l 0  |o snkČSD 1874/6/1996  |p 17A0121131  |r 2005-01-02 00:00:00  |w 2026-02-21  |y PREZ 
952 |0 0  |1 0  |4 0  |7 0  |a SNK  |b SNK  |d 1998-01-21  |i snk93/980121  |l 0  |o snkC 52  |r 2005-01-02 00:00:00  |t P60, <09>, [BOOK], {629}  |w 2026-02-21  |y NEVYP 
952 |0 0  |1 0  |4 0  |7 0  |a SNK  |b SNK  |d 1998-01-21  |i snkKSP 564/98  |l 0  |o snkČSD 1874/6/1996 D1  |p 17A0116849  |r 2005-01-02 00:00:00  |w 2026-02-21  |y PREZ